000 01522nam0a2200349 4500
001 RU\NLR\bibl\194696
005 20260407072439.0
010 _a5-88200-268-0
_bобщ.
010 _a5-88200-279-6
_950
021 _aRU
_b98-2035
_997
035 _a(NLR Aleph) 000191180
090 _a1105700
_c1105700
100 _a20011022d1997 |||y0rusy50 ca
101 0 _arus
102 _aRU
105 _aa |||||||||
200 1 _aТезисы докладов итоговой научной конференции АГПУ (29 апр. 1997 г.)
_iПолитология. Правоведение. Экономика
_fМ-во общ. и проф. образования РФ, Астрах. гос. пед. ун-т
210 _aАстрахань
_cИзд-во АГПУ
_d1997
215 _a53 с.
_cсхем.
_d21
606 0 _aПраво
_jТезисы докладов
_9894779
_3RU\NLR\auth\664055
606 0 _aПолитология
_jТезисы докладов
_91294414
_3RU\NLR\auth\66217824
606 0 _aЭкономика
_jТезисы докладов
_91414491
_3RU\NLR\auth\66284709
686 _aХ62я431
686 _aФ.я431
686 _aУ.я431
710 0 2 _aАстраханский государственный педагогический университет
_bНаучная конференция
_f1997
_3RU\NLR\AUTH\8810036292
_9571199
801 0 _aRU
_bNLR
_c20011022
_gPSBO
801 1 _aRU
_bNLR
_c20011022
852 _aNLR
_j2001-4/972
942 _cBOOK
980 _aNB